Normal view
MARC view
Entry Personal Name
001 - CONTROL NUMBER
- control field: 59904
003 - CONTROL NUMBER IDENTIFIER
- control field: dpl
005 - DATE AND TIME OF LATEST TRANSACTION
- control field: 20231218151856.0
008 - FIXED-LENGTH DATA ELEMENTS
- fixed length control field: 231218|| aca||aabn | a|a d
040 ## - CATALOGING SOURCE
- Original cataloging agency: dpl
- Transcribing agency: dpl
100 ## - HEADING--PERSONAL NAME
- Personal name: Chary. P. Venkata
670 ## - SOURCE DATA FOUND
- Source citation: Work cat.: (dpl)195028: Reddy, K. Srinivas 59902, Understanding Children in Inclusive Context/, 2022
